Análisis del patrón de rendimiento de una muestra de niños con TDAH en el WISC-IV (Record no. 179027)

MARC details
000 -CABECERA
campo de control de longitud fija 01738cab a2200253 ab4500
005 - FECHA Y HORA DE LA ÚLTIMA TRANSACCIÓN
campo de control 20221112124528.0
008 - ELEMENTOS DE LONGITUD FIJA--INFORMACIÓN GENERAL
campo de control de longitud fija 991125c2015 sp tr p o 000 0 spa d
035 ## - NÚMERO DE CONTROL DEL SISTEMA
Número de control de sistema UPN01000206926
040 ## - FUENTE DE LA CATALOGACIÓN
Centro catalogador/agencia de origen MX-MxUPN
Lengua de catalogación spa
Centro/agencia transcriptor MX-MxUPN
Normas de descripción aacr2
049 ## - COLECCIÓN
Colección ART-E
100 1# - ASIENTO PRINCIPAL--NOMBRE PERSONAL
Nombre de persona Bustillo, Mariana
100 1# - ASIENTO PRINCIPAL--NOMBRE PERSONAL
Filiación mservera@gmail.com
100 1# - ASIENTO PRINCIPAL--NOMBRE PERSONAL
Nombre de persona Servera, Mateu
245 10 - MENCIÓN DE TÍTULO
Título Análisis del patrón de rendimiento de una muestra de niños con TDAH en el WISC-IV
Medio [recurso electrónico en línea]
506 0# - NOTA DE RESTRICCIONES AL ACCESO
Limitaciones de acceso Acceso abierto
520 3# - NOTA DE RESUMEN, ETC.
Sumario, etc. El objetivo del trabajo es definir el patrón de rendimiento sobre el WISC-IV de una muestra de niños con trastorno por déficit de atención e hiperactividad (TDAH). El WISC-IV se aplicó a una muestra de 74 niños con TDAH entre los 6 y los 12 años (76% varones). No hubo difernecias significativas entre los distintos subtipos de TDAH sobre las medidas del WISC-IV. Las puntuaciones de nuestra muestra clínica se compararon con la muestra TDAH y la muestra control utilizadas en la estandarización del WISC-IV. Mientras que apenas se detectaron diferencias entre las dos muestras clínicas TDAH, nuestra muestra TDAH se diferenció de la muestra control en los índices de Memoria de Trabajo (MT) y Velocidad de Procesamiento (VP), pero no en los de Comprensión Verbal (CV) y Razonamiento Perceptivo (RP).
653 0# - TERMINO DE INDIZACION - NO CONTROLADO
Término no controlado TRASTORNO POR DEFICIT DE ATENCION CON HIPERACTIVIDAD
653 0# - TERMINO DE INDIZACION - NO CONTROLADO
Término no controlado WISC IV
773 ## - ENLACE AL DOCUMENTO FUENTE/ENTRADA DE REGISTRO ANFITRIÓN
Parte(s) relacionada(s) Vol. 2, no. 2 (2015), p.121-128
Título Revista de psicología clínica con niños y adolescentes
Número Internacional Normalizado para Publicaciones Seriadas 2340-8340
856 4# - LOCALIZACIÓN Y ACCESO ELECTRÓNICOS
Identificador Uniforme del Recurso <a href="http://www.revistapcna.com/sites/default/files/04-2_bustillo_wisc_tdah.pdf">http://www.revistapcna.com/sites/default/files/04-2_bustillo_wisc_tdah.pdf</a>
902 ## - ELEMENTOS DE DATOS B LOCAL, LDB (RLIN)
Creó Leonor Sotres
Modificó Leonor Sotres/121122/M
905 ## - TIPO DE MATERIAL
Tipo de material Articulo
942 ## - ELEMENTOS DE PUNTO DE ACCESO ADICIONAL (KOHA)
Tipo de ítem Koha Artículo Electrónico
Holdings
Estado de retiro Estado de pérdida Estado dañado No para préstamo Código de colección Localización permanente Ubicación/localización actual Ubicación en estantería Fecha de adquisición Total de préstamos Fecha visto por última vez Identificador Uniforme del Recurso Precio válido a partir de Tipo de ítem Koha
        Acceso abierto Bib. Gregorio Torres Quintero Bib. Gregorio Torres Quintero En línea 12/11/2022   12/11/2022 http://www.revistapcna.com/sites/default/files/04-2_bustillo_wisc_tdah.pdf 12/11/2022 Artículo Electrónico